000 00399nam a22001217a 4500
008 230620b xxu||||| |||| 00| 0 eng d
020 _a9291422665
082 _a323
_bUNI 2005
245 _aHuman Rights Handbook For Parliamentarians
260 _aSwitzerland
_bInter-Parliamentary Union and Office of the United Nations High Commissioner for Human Rights
_c2005
300 _aIX,185p
942 _2ddc
_cBK
999 _c1694
_d1694